England-- Weird General Knowledge - Statistics

General Stats
  • This quiz has been taken 40 times
  • The average score is 4 of 11
Answer Stats
Question Answer % Correct
What was England's official language for around 300 years? French
83%
The Queen owns all of the _____ on Thames Swans
72%
How many small islands are included in England's territory? Over 100
58%
Which fish had an act passed in 1986 prohibits the suspicious handling of it? Salmon
58%
Which animal is prohibited to walk on the streets in daylight? Cow
39%
How much can you be fined for jumping the queue at London Transport stations? £1000
33%
How many times smaller is England compared to the US? Over 40
31%
Where is the original london bridge located today? Lake Havasu City, Arizona
25%
What is the most commonly given male name? David
19%
What is the most commonly given female name? Susan
8%
How much did the purchase of the london bridge cost? Just under $3m
6%
No matching quizzes found
Score Distribution
Percent of People with Each Score
Percentile by Number Answered
Your Score History
You have not taken this quiz